00497nam a2200193Ia 4500003000400000005001700004008004100021020001500062040000700077041000800084082002200092100001900114245005000133260004000183300001700223365001300240650002100253650002900274OSt20230411120700.0210423s2007 xx 000 0 und d a8123903650 cAL aeng a615.19223b ALIT aALI (Mohammed) aText book of pharmaceutical organic chemistry aNew DelhibC B S Publicationsc2007 aviii,475bPB b170cINR aMedical Sciences aPharmaceutical Chemistry